Gaming Quiz

Random Gaming or Pokémon Quiz

Pokemon by color:PURPLE Quiz Stats

 Plays Quiz not verified by Sporcle

Challenge
Share
Tweet
Embed
Score 0/78 Timer 12:00
0 Plays Today
Type Answer % Correct
NormalRattata (Normal form only)
96.8%
PoisonEkans
93.5%
PoisonArbok
93.5%
Poison/FlyingZubat
87.1%
Poison/FlyingGolbat
87.1%
Bug/PoisonVenonat
87.1%
Bug/PoisonVenomoth
87.1%
Poison/FlyingCrobat
87.1%
PoisonNidoran♂
83.9%
PoisonNidorino
83.9%
Poison/GroundNidoking
83.9%
PoisonGrimer (Normal form only)
83.9%
PoisonMuk (Normal form only)
83.9%
Ghost/PoisonGastly
83.9%
Ghost/PoisonHaunter
83.9%
Ghost/PoisonGengar (Normal and Mega)
83.9%
PoisonKoffing
83.9%
PoisonWeezing
83.9%
Dark/GhostSableye (Normal and Mega)
83.9%
Ghost/FlyingDrifloon
83.9%
Ghost/FlyingDrifblim
83.9%
Ground/FlyingGligar
80.6%
GhostMismagius
80.6%
Ghost/DarkSpiritomb
80.6%
Water/IceCloyster
77.4%
Rock/FlyingAerodactyl (Normal and Mega)
77.4%
FairyGranbull
77.4%
Poison/DarkStunky
77.4%
Ground/FlyingGliscor
77.4%
PsychicGothita
77.4%
PsychicGothorita
77.4%
PsychicGothitelle
77.4%
DragonGoomy
77.4%
DragonSliggoo
77.4%
DragonGoodra
77.4%
Fire/GhostMarowak (Alolan form only)
74.2%
Water/PsychicStarmie
74.2%
PsychicMewtwo (Normal and Mega X
74.2%
FightingTyrogue
74.2%
Type Answer % Correct
Dragon/PsychicLatias (Mega Latias only)
74.2%
Dragon/PsychicLatios (Mega Latios only)
74.2%
Poison/BugSkorupi
74.2%
Poison/DarkDrapion
74.2%
Water/DragonPalkia
74.2%
DarkLiepard
74.2%
WaterShellder
71%
NormalDitto
71%
BugCascoon
71%
PsychicGrumpig
71%
WaterShellos (West Sea form only)
71%
Water/GroundGatrodon (West Sea form only)
71%
DarkPurrloin
71%
Bug/SteelGenesect (All forms)
71%
Dragon/FlyingNoibat
71%
Dragon/FlyingNoivern
71%
Psychic/GhostHoopa (Confined and Unbound forms
71%
GrassBounsweet
71%
GrassSteenee
71%
GrassTsareena
71%
Rock/FlyingMinior (Violet core)
71%
Water/FairyTapu Fini
71%
Bug/SteelForretress
67.7%
PoisonSwalot
67.7%
Rock/GrassLileep
67.7%
Psychic/GhostLunala
67.7%
Water/FlyingMantine
64.5%
Poison/DarkSkuntank
64.5%
Grass/FairyMorelull
64.5%
Grass/FairyShiinotic
64.5%
BugIllumise
61.3%
GrassCherrim (Overcast form only)
61.3%
FightingMienshao
61.3%
Ghost/FlyingOricorio (Sensu Style)
61.3%
PsychicEspeon
58.1%
FightingCrabrawler
58.1%
NormalAipom
54.8%
NormalDelcatty
54.8%
NormalAmbipom
54.8%

You're not logged in!

Compare scores with friends on all Sporcle quizzes.
Join for Free
OR
Log In

You Might Also Like...

Show Comments

Extras

Top Quizzes Today


Score Distribution

Your Account Isn't Verified!

In order to create a playlist on Sporcle, you need to verify the email address you used during registration. Go to your Sporcle Settings to finish the process.

Report this User

Report this user for behavior that violates our Community Guidelines.

Details: